| 000 | 00737nac a22002171u 4500 | ||
|---|---|---|---|
| 020 | _a047105514* : | ||
| 082 | 0 | 0 |
_a330 _bWON |
| 090 |
_c9403 _d9403 |
||
| 100 | _aWonnacott, Ronald J. | ||
| 245 | 1 | 0 |
_aEconometrics / _cRonald J. Wonnacott., Thomas H. Wonnacott |
| 250 | _a2nd ed. | ||
| 260 |
_aNew York : _bMcGraw-Hill,1979. _cc1979. |
||
| 300 |
_axxiii, 580 p. : _bill. ; _c24 cm. |
||
| 500 | _aDistributer: Al-Ahram | ||
| 504 | _aIncludes bibliographical references and index. | ||
| 511 | _aCatalogued by: Sara | ||
| 650 | 0 | _aEconomics. | |
| 700 | 1 | _aWonnacott, Thomas H. | |
| 942 |
_cBB _k330WON |
||
| 999 |
_c9403 _d9403 |
||